pierwiastki - Statystyki

Ogólne statystyki
  • Ten quiz został rozwiązany 57 razy
  • Średni wynik to 51 z 52
Statystyki odpowiedzi
Pierwiastek Symbol Symbol Pierwiastek % Poprawnych
Azot
100%
Fosfor
100%
Krzem
100%
Magnez
100%
Potas
100%
Tlen
100%
Węgiel
100%
Srebro Ag Po Polon
98%
Złoto Au Ba Bar
98%
Bar Ba Zn Cynk
98%
Bar
98%
Brom
98%
Węgiel C Na Sód
98%
Chlor
98%
Cynk
98%
Wodór H Cu Miedź
98%
Potas K Al Glin
98%
Magnez Mg Sn Cyna
98%
Azot N Si Krzem
98%
Fosfor P Cl Chlor
98%
Polon Po I Jod
98%
Polon
98%
Rad
98%
Krzem Si N Azot
98%
Siarka
98%
Sód
98%
Srebro
98%
Wodór
98%
Złoto
98%
Brom Br K Potas
96%
Wapń Ca H Wodór
96%
Chlor Cl Hg Rtęć
96%
Rtęć Hg Pb Ołów
96%
Jod I Fe Żelazo
96%
Jod
96%
Tlen O Au Złoto
96%
Ołów
96%
Ołów Pb P Fosfor
96%
Rad Ra Mg Magnez
96%
Siarka S Ag Srebro
96%
Wapń
96%
Żelazo
96%
Cynk Zn O Tlen
96%
Miedź Cu Ra Rad
95%
Żelazo Fe C Węgiel
95%
Glin
95%
Miedź
95%
Sód Na S Siarka
95%
Rtęć
95%
Glin Al Br Brom
93%
Cyna
93%
Cyna Sn Ca Wapń
93%
Nie znaleziono quizów pasujących do podanych kryteriów
Rozkład punktacji
Procent ludzi z każdym wynikiem
Percentyl według liczby udzielonych odpowiedzi
Twoja historia wyników
Nie rozwiązałeś tego quizu